LEADER 01194nam a2200277 i 4500 001 000000082863 003 CaOOAMICUS 005 20180316000000.0 008 180316s1970 it u000 u ita u 013 $a55103 040 $aSeMil$bita 100 1 $aGiulietti, Giovanni <1915->.$0(OLS)http://semarc/name/17373 245 13$aUn sentiero tra i filosofi :$bfilosofie e fondazione critica della filosofia /$cGiovanni Giulietti. 260 $aBrescia :$bLa Scuola,$ccopyr. 1970. 300 $a308 p. ;$c20 cm. 490 0 $aAnalisi e sintesi ;$v14 650 4$aAnima.$0(OLS)http://semarc/subject/1117 650 4$aMetafisica.$0(OLS)http://semarc/subject/188 650 4$aMondo.$0(OLS)http://semarc/subject/15979 650 4$aDio.$0(OLS)http://semarc/subject/4429 830 0$aAnalisi e sintesi ;$v14.$0(OLS)http://semarc/title/18295 850 $aSeMil 852 $aSeMil$W1$xVenegono$y1$m2P I 853$j47632$B47632$CSeMilBibl$Z2$F50462 $81 961 $aRecupero: Seminario di Seveso 996 $6245$aUn sentiero tra i filosofi :$bfilosofie e fondazione critica della filosofia$9(OLS)http://semarc/title/405271 996 $6260$aBrescia :$bLa Scuola$9(OLS)http://semarc/publisher/29831 LEADER 01259nam a2200277 i 4500 001 000000105917 003 CaOOAMICUS 005 20020611000000.0 008 020611s1998 it u000 u ita u 013 $a78111 020 $a88-308-0636-6 040 $aSeMil$bita 100 1 $aPiana, Giannino,$d<1939-2023>.$0(OLS)http://semarc/name/1517 245 10$aAttraverso la memoria :$ble radici di un'etica civile /$cGiannino Piana. 260 $aAssisi :$bCittadella,$ccopyr. 1998. 300 $a168 p. ;$c19 cm. 490 0 $aQuestioni aperte. Nuova serie 500 $aContiene : Appendice. Costituzione della Repubblica Italiana ; La Costituzione italiana. Il valore di un patrimonio. 650 4$aItalia . Costituzione della Repubblica italiana.$0(OLS)http://semarc/subject/116 830 0$aQuestioni aperte. Nuova serie.$0(OLS)http://semarc/title/5977 850 $aSeMil 852 $aSeMil$W1$xVenegono$y1$m2E I 414$j62072$B62072$CSeMilBibl$Z2$F71772 $81 961 $aOmaggio: Fumagalli don Aristide 996 $6020$a88-308-0636-6$9(OLS)http://semarc/number/86241 996 $6245$aAttraverso la memoria :$ble radici di un'etica civile$9(OLS)http://semarc/title/153451 996 $6260$aAssisi :$bCittadella$9(OLS)http://semarc/publisher/29661